<?xml version="1.0" encoding="UTF-8"?>
<record
    xmlns:xsi="http://www.w3.org/2001/XMLSchema-instance"
    xsi:schemaLocation="http://www.loc.gov/MARC21/slim http://www.loc.gov/standards/marcxml/schema/MARC21slim.xsd"
    xmlns="http://www.loc.gov/MARC21/slim">

  <leader>00513nam a22001697a 4500</leader>
  <controlfield tag="003">OSt</controlfield>
  <controlfield tag="008">260513b        |||||||| |||| 00| 0 eng d</controlfield>
  <datafield tag="020" ind1=" " ind2=" ">
    <subfield code="a">9780367477554</subfield>
  </datafield>
  <datafield tag="082" ind1=" " ind2=" ">
    <subfield code="a">597.01</subfield>
    <subfield code="b">C97P</subfield>
  </datafield>
  <datafield tag="245" ind1=" " ind2=" ">
    <subfield code="a">The Physiology of Fishes/</subfield>
    <subfield code="b">edited by Suzanne Currie, David H. Evans</subfield>
  </datafield>
  <datafield tag="260" ind1=" " ind2=" ">
    <subfield code="a">Boca Raton:</subfield>
    <subfield code="b">CRC Press;</subfield>
    <subfield code="c">2021.</subfield>
  </datafield>
  <datafield tag="300" ind1=" " ind2=" ">
    <subfield code="a">xiv, 241 p.</subfield>
  </datafield>
  <datafield tag="650" ind1=" " ind2=" ">
    <subfield code="a">Pure Sciences | Zoological Sciences | Fishes | Fish Physiology </subfield>
  </datafield>
  <datafield tag="700" ind1=" " ind2=" ">
    <subfield code="a">Currie,  Suzanne </subfield>
  </datafield>
  <datafield tag="700" ind1=" " ind2=" ">
    <subfield code="a">Evans, David H. </subfield>
  </datafield>
  <datafield tag="942" ind1=" " ind2=" ">
    <subfield code="2">ddc</subfield>
    <subfield code="c">BK</subfield>
  </datafield>
  <datafield tag="999" ind1=" " ind2=" ">
    <subfield code="c">50584</subfield>
    <subfield code="d">50584</subfield>
  </datafield>
  <datafield tag="952" ind1=" " ind2=" ">
    <subfield code="0">0</subfield>
    <subfield code="1">0</subfield>
    <subfield code="2">ddc</subfield>
    <subfield code="4">0</subfield>
    <subfield code="7">0</subfield>
    <subfield code="a">RAU</subfield>
    <subfield code="b">RAU</subfield>
    <subfield code="c">GEN</subfield>
    <subfield code="d">2026-05-13</subfield>
    <subfield code="e">Scientific Publishers (India) </subfield>
    <subfield code="g">8690.00</subfield>
    <subfield code="o">597.01 C97P</subfield>
    <subfield code="p">87840</subfield>
    <subfield code="r">2026-05-13</subfield>
    <subfield code="w">2026-02-01</subfield>
    <subfield code="y">BK</subfield>
    <subfield code="k">Invoice/SPI/25-26/425 </subfield>
  </datafield>
</record>
